Guess the Fusion Rock Song Lyrics #228 - Statistics

General Stats
  • This quiz has been taken 12 times
  • The average score is 153 of 204
Answer Stats
Answer % Correct
a
100%
can
100%
do
100%
he
100%
I
100%
just
100%
know
100%
love
100%
no
100%
on
100%
to
100%
When
100%
when
100%
Who
100%
who
100%
you
100%
You
100%
but
90%
But
90%
girl
90%
goin
90%
in
90%
it
90%
it's
90%
not
90%
say
90%
see
90%
the
90%
this
90%
what
90%
What
90%
will
90%
your
90%
Your
90%
you're
90%
Are
80%
are
80%
back
80%
comes
80%
heart
80%
Said
80%
they
80%
with
80%
gotta
70%
him
70%
Isn't
70%
left
70%
lost
70%
loves
70%
make
70%
Oh
70%
one
70%
Only
70%
took
70%
way
70%
cry
60%
going
60%
gonna
60%
his
60%
made
60%
mind
60%
Or
60%
stay
60%
there's
60%
There's
60%
they've
60%
up
60%
All
50%
all
50%
alone
50%
arms
50%
blue
50%
easy
50%
fair
50%
guy
50%
keeps
50%
need
50%
nights
50%
sayin
50%
someone
50%
still
50%
thank
50%
through
50%
understand
50%
you'd
50%
above
40%
answer
40%
call
40%
cryin
40%
friend
40%
over
40%
Someone's
40%
stars
40%
talk
40%
those
40%
weren't
40%
broken
30%
Glenn Frey
30%
heard
30%
phone
30%
remember
30%
soon
30%
dreams
20%
number
20%
disappointment
10%
No matching quizzes found
Score Distribution
Percent of People with Each Score
Percentile by Number Answered
Your Score History
You have not taken this quiz